Hokejová extraliga - 48. kolo: Slovan poskočil na tretiu priečku

Bibliographic Details
Format: Article
Language:Slovak
PhysicalDescription:Fotogr., tab.
ISSN:0139-7001
Subjects:

MARC

LEADER 00000nab a2200000 a 4500
001 vtls000825122
003 SK-MaSNL
005 20260302162942.0
008 040806c2003 xo 0 slo
015 |a SNBRB2003/02-05055 
035 |a CLN000176777 
040 |a SNKBUCL  |b slo  |c SNKBUCL  |e AACR2 
041 0 |a slo 
044 |a xo  |c SK 
080 |a 796.966.093.1  |2 UDC-MRF-SK2 
245 0 0 |a Hokejová extraliga - 48. kolo: Slovan poskočil na tretiu priečku 
300 |b Fotogr., tab. 
650 0 7 |a hokej ľadový  |x Extraliga  |x kolo 48.  |y sezóna 2002/2003  |2 snkbucl  |9 863486 
655 7 |a články z novín a časopisov  |2 snkbucl  |9 267496 
773 0 |x 0139-7001  |t Šport  |g Roč. 57, č. 35 (12.2.2003), s. 6-7 
850 |a Slovenská národná knižnica v Martine 
852 |a SNK  |b KIS3GCP 
999 |c 1381821  |d 1383751